| 000 | 00388nam a2200157Ia 4500 | ||
|---|---|---|---|
| 008 | 151213s9999 xx 000 0 und d | ||
| 100 | _aA. C. Ward | ||
| 245 |
_aTwentieth Century Literature _cA. C. Ward |
||
| 250 | _a12th | ||
| 260 |
_aLondon _bMethuer and Co. Ltd. _c1956 |
||
| 300 | _a6548 p. | ||
| 650 | _aLiterature | ||
| 650 | _aLiterature | ||
| 700 | _aA. C. Ward | ||
| 999 |
_c3630 _d3630 |
||